[Event "4NCL Division Four"]
[Site "Telford, ENG"]
[Date "2023.11.19"]
[Round "2.36"]
[White "Rose, Peter"]
[Black "Jennis, Alistair"]
[Result "1-0"]
[WhiteElo "1479"]
[BlackElo "1387"]
[PlyCount "39"]
[EventDate "2023.11.19"]
[WhiteTeam "Celtic Tigers 3"]
[BlackTeam "Guildford Young Guns"]

1. d4 d5 2. Nf3 Nf6 3. Bf4 c5 4. e3 Nc6 5. c3 Bf5 6. dxc5 e6 7. b4 a5 8. Bb5
Be7 9. O-O O-O 10. Bxc6 bxc6 11. Nd4 Bxb1 12. Nxc6 Qd7 13. Nxe7+ Qxe7 14. Qxb1
e5 15. Bg5 axb4 16. cxb4 h6 17. Bxf6 gxf6 18. c6 Rfb8 19. b5 Qc7 20. a4 1-0

[Event "4NCL Division Four"]
[Site "Telford, ENG"]
[Date "2023.11.19"]
[Round "2.41"]
[White "Rathbone-Jones, Ifan"]
[Black "Fletcher, John"]
[Result "1-0"]
[WhiteElo "2086"]
[BlackElo "2045"]
[PlyCount "77"]
[EventDate "2023.11.19"]
[WhiteTeam "ToBeDecided"]
[BlackTeam "The Full Ponty"]

1. Nf3 d5 2. d4 Nf6 3. Bf4 e6 4. Nbd2 Bd6 5. Bg5 h6 6. Bxf6 Qxf6 7. e4 dxe4 8.
Nxe4 Qe7 9. Bb5+ Bd7 10. Qe2 O-O 11. O-O Bxb5 12. Qxb5 c6 13. Qb3 Na6 14. a3
Rfd8 15. Rfe1 Rac8 16. Nxd6 Rxd6 17. c4 Qc7 18. Rad1 Rcd8 19. Qa4 c5 20. d5 Qd7
21. Qb3 exd5 22. Ne5 Qe6 23. Qxb7 dxc4 24. Rxd6 Rxd6 25. Nf3 Qd7 26. Qa8+ Kh7
27. Qe4+ Kg8 28. Qa8+ Kh7 29. Qe4+ Kg8 30. Qxc4 Qb7 31. Re8+ Kh7 32. Qc2+ g6
33. Qc3 f6 34. Ng5+ Kg7 35. Qe1 Rd1 36. Ne6+ Kf7 37. Nd8+ Rxd8 38. Qe6+ Kg7 39.
Qg8# 1-0

[Event "4NCL Division Four"]
[Site "Telford, ENG"]
[Date "2023.11.19"]
[Round "2.42"]
[White "Adams, Mark"]
[Black "Larkin, Benjamin"]
[Result "0-1"]
[WhiteElo "2003"]
[BlackElo "2035"]
[PlyCount "86"]
[EventDate "2023.11.19"]
[WhiteTeam "The Full Ponty"]
[BlackTeam "ToBeDecided"]

1. e4 c5 2. Nf3 d6 3. d4 cxd4 4. Nxd4 Nf6 5. Nc3 a6 6. Be2 e5 7. Nb3 Be7 8. Be3
Be6 9. f3 b5 10. Qd2 h5 11. O-O-O Nbd7 12. Kb1 Rc8 13. Rhe1 O-O 14. Nd5 Nxd5
15. exd5 Bf5 16. Bd3 Bxd3 17. Qxd3 Bg5 18. g4 h4 19. Bxg5 Qxg5 20. Qe3 Qxe3 21.
Rxe3 f5 22. h3 Rc4 23. Na5 Rf4 24. b3 fxg4 25. fxg4 Nc5 26. Rde1 Rd4 27. Nc6
Rd2 28. Ne7+ Kh7 29. Nf5 Rxd5 30. Nxh4 b4 31. Kc1 Ne6 32. c4 bxc3 33. Rxc3 Rf2
34. Rc2 Rc5 35. Rxc5 Nxc5 36. Kb1 g6 37. Re3 Kh6 38. b4 Na4 39. Ra3 e4 40. Kc1
Nb2 41. Rxa6 Nd3+ 42. Kd1 e3 43. Nf3 e2+ 0-1

[Event "4NCL Division Four"]
[Site "Telford, ENG"]
[Date "2023.11.19"]
[Round "2.43"]
[White "Guha, Chirag"]
[Black "Davis, Lee"]
[Result "0-1"]
[WhiteElo "2135"]
[BlackElo "1925"]
[PlyCount "108"]
[EventDate "2023.11.19"]
[WhiteTeam "ToBeDecided"]
[BlackTeam "The Full Ponty"]

1. e4 g6 2. d4 d6 3. Nc3 Nf6 4. Be3 c6 5. Qd2 b5 6. Bd3 Nbd7 7. Bh6 Bxh6 8.
Qxh6 b4 9. Nce2 e5 10. c3 bxc3 11. bxc3 Qa5 12. Qd2 Ba6 13. Bxa6 Qxa6 14. f3
O-O 15. Nh3 Rfe8 16. g4 d5 17. g5 dxe4 18. O-O Qd3 19. Rad1 Qxd2 20. Rxd2 exf3
21. Ng3 Nd5 22. c4 Ne3 23. Rxf3 exd4 24. Rxd4 Nc5 25. Nf2 Rab8 26. Nfe4 Rb1+
27. Kf2 Ng4+ 28. Kg2 Rb2+ 29. Kh3 Nxe4 30. Nxe4 Rxe4 31. Rxe4 Nf2+ 32. Rxf2
Rxf2 33. a4 Kf8 34. Kg3 Rf5 35. h4 Ra5 36. c5 Rxc5 37. Rb4 Ra5 38. Re4 Rd5 39.
Kf4 f6 40. Re6 fxg5+ 41. hxg5 Rd4+ 42. Kf3 Rxa4 43. Rxc6 Ke7 44. Rf6 Ra5 45.
Kg4 h6 46. Rc6 Rxg5+ 47. Kf4 a5 48. Ra6 Rf5+ 49. Kg4 Rb5 50. Kh4 Kf7 51. Kg4
Rb4+ 52. Kf3 a4 53. Kg3 h5 54. Kh3 g5 0-1

[Event "4NCL Division Four"]
[Site "Telford, ENG"]
[Date "2023.11.19"]
[Round "2.44"]
[White "Perrett, David C"]
[Black "Gurner, Jem"]
[Result "1/2-1/2"]
[WhiteElo "1999"]
[BlackElo "2077"]
[PlyCount "51"]
[EventDate "2023.11.19"]
[WhiteTeam "The Full Ponty"]
[BlackTeam "ToBeDecided"]

1. d4 Nf6 2. Bg5 e6 3. e4 h6 4. Bxf6 Qxf6 5. Qd2 c5 6. e5 Qg6 7. c3 Nc6 8. Nf3
cxd4 9. cxd4 d6 10. Nc3 dxe5 11. Nxe5 Nxe5 12. dxe5 a6 13. O-O-O Be7 14. Bd3
Qg4 15. f4 O-O 16. Be4 f5 17. Bf3 Qg6 18. Qd4 Rd8 19. Qb6 Qe8 20. Qc7 Rd7 21.
Rxd7 Qxd7 22. Qxd7 Bxd7 23. Bxb7 Ra7 24. Bf3 g5 25. g3 Bc5 26. Kd2 1/2-1/2

[Event "4NCL Division Four"]
[Site "Telford, ENG"]
[Date "2023.11.19"]
[Round "2.45"]
[White "Vanjare, Aditya"]
[Black "Hughes, Anthony"]
[Result "1-0"]
[WhiteElo "1550"]
[BlackElo "1897"]
[PlyCount "73"]
[EventDate "2023.11.19"]
[WhiteTeam "ToBeDecided"]
[BlackTeam "The Full Ponty"]

1. d4 d5 2. Bf4 Nf6 3. e3 e6 4. Nf3 Bd6 5. Bg3 O-O 6. Bd3 c5 7. c3 Qc7 8. Nbd2
Nbd7 9. Rc1 Re8 10. b4 b6 11. Bb5 a6 12. Ba4 Re7 13. O-O Bxg3 14. fxg3 e5 15.
Nh4 Nf8 16. Nf5 Bxf5 17. Rxf5 Ng6 18. Bb3 Rae8 19. bxc5 bxc5 20. Ba4 Rb8 21.
Nb3 Ne4 22. dxc5 Nxc5 23. Nxc5 Qxc5 24. Qd2 Qc8 25. Rf2 Qb7 26. Rd1 Rc7 27. Bb3
Ne7 28. e4 Rd8 29. exd5 Nc8 30. Qg5 f6 31. Rxf6 Rxc3 32. d6+ Rxb3 33. axb3 Qxb3
34. Rff1 Qb6+ 35. Kh1 Rxd6 36. Rxd6 Qxd6 37. Qf5 1-0

[Event "4NCL Division Four"]
[Site "Telford, ENG"]
[Date "2023.11.19"]
[Round "2.46"]
[White "Roberts, David L"]
[Black "Rathbone-Jones, Nerys"]
[Result "1-0"]
[WhiteElo "1979"]
[BlackElo "600"]
[PlyCount "29"]
[EventDate "2023.11.19"]
[WhiteTeam "The Full Ponty"]
[BlackTeam "ToBeDecided"]

1. e4 d6 2. d4 e6 3. Nc3 Nc6 4. Nf3 f5 5. exf5 exf5 6. Bc4 Qf6 7. O-O Be6 8.
Re1 O-O-O 9. Rxe6 Qxd4 10. Nxd4 Nge7 11. Nxc6 Nxc6 12. Bg5 Na5 13. Bd3 d5 14.
Bxf5 Rd7 15. Re8# 1-0

[Event "4NCL Division Four"]
[Site "Telford, ENG"]
[Date "2023.11.19"]
[Round "2.51"]
[White "Sanfey, Gregor"]
[Black "Madan, Augustin"]
[Result "0-1"]
[WhiteElo "1736"]
[BlackElo "2281"]
[PlyCount "64"]
[EventDate "2023.11.19"]
[WhiteTeam "Barnet Knights C"]
[BlackTeam "Desert Penguins"]

1. e4 c5 2. a3 g6 3. Nc3 Bg7 4. Bc4 Nc6 5. d3 e6 6. Nge2 Nge7 7. Bf4 d5 8. Ba2
O-O 9. O-O h6 10. Qc1 Kh7 11. Bd2 b6 12. Nf4 d4 13. Nb1 Qd6 14. a4 Nb4 15. Bb3
e5 16. Ne2 f5 17. Qe1 fxe4 18. Bxb4 cxb4 19. dxe4 Ba6 20. Qd2 h5 21. Rd1 Qc6
22. f3 Rac8 23. Nc1 Bh6 24. Qxb4 Be3+ 25. Kh1 Qf6 26. Qe1 Nc6 27. Nd3 Na5 28.
Qg3 Nxb3 29. cxb3 Bxd3 30. Nc3 dxc3 31. Rxd3 c2 32. Rxe3 c1=Q+ 0-1

[Event "4NCL Division Four"]
[Site "Telford, ENG"]
[Date "2023.11.19"]
[Round "2.52"]
[White "Bharat Kumar, Balahari"]
[Black "McLean, Rory"]
[Result "1-0"]
[WhiteElo "1952"]
[BlackElo "1693"]
[PlyCount "71"]
[EventDate "2023.11.19"]
[WhiteTeam "Desert Penguins"]
[BlackTeam "Barnet Knights C"]

1. d4 d5 2. c4 e6 3. Nc3 a6 4. cxd5 exd5 5. Nf3 c6 6. Bg5 Be7 7. Bxe7 Nxe7 8.
g3 Bg4 9. Ne5 Be6 10. Bg2 Nd7 11. Nd3 O-O 12. O-O Nc8 13. Nf4 Re8 14. Qc2 Qf6
15. e4 dxe4 16. Bxe4 Ncb6 17. Bxh7+ Kh8 18. Nxe6 Rxe6 19. Bf5 Rd6 20. Rad1 Nd5
21. Bh3 g5 22. Ne4 Qg6 23. Qb1 Qh5 24. Nxd6 Qxh3 25. Qf5 Qxf5 26. Nxf5 Kh7 27.
Ne3 N5f6 28. f4 g4 29. d5 Re8 30. dxc6 bxc6 31. Nxg4 Nxg4 32. Rxd7 Re2 33.
Rxf7+ Kg6 34. Rf8 Kg7 35. Rf5 Ne3 36. Re5 1-0

[Event "4NCL Division Four"]
[Site "Telford, ENG"]
[Date "2023.11.19"]
[Round "2.53"]
[White "Angelopoulos, Andreas"]
[Black "Bansal, Rohan"]
[Result "0-1"]
[WhiteElo "1600"]
[BlackElo "1981"]
[PlyCount "72"]
[EventDate "2023.11.19"]
[WhiteTeam "Barnet Knights C"]
[BlackTeam "Desert Penguins"]

1. d4 f5 2. c4 Nf6 3. Nc3 e6 4. g3 Bb4 5. Bg2 O-O 6. Nh3 Ne4 7. Qc2 d5 8. O-O
c6 9. a3 Be7 10. c5 a5 11. Na4 Bf6 12. Qd3 Nd7 13. f3 Ng5 14. Bxg5 Bxg5 15.
Nxg5 Qxg5 16. e4 b5 17. Nc3 f4 18. g4 Bb7 19. e5 Ra7 20. b4 Rfa8 21. bxa5 Rxa5
22. Nb1 b4 23. Rf2 Nxe5 24. Qb3 Nc4 25. Qxb4 Rb5 26. Qc3 Qg6 27. Nd2 Ne3 28.
Rc1 Ra4 29. Re2 Ba6 30. Ree1 Rba5 31. Qb2 Bb5 32. Nb3 Ra8 33. h4 Rxa3 34. h5
Qd3 35. Rc3 Ra2 36. Qc1 Rxg2+ 0-1

[Event "4NCL Division Four"]
[Site "Telford, ENG"]
[Date "2023.11.19"]
[Round "2.54"]
[White "Bansal, Saahil"]
[Black "Michener, Max"]
[Result "1-0"]
[WhiteElo "1866"]
[BlackElo "1549"]
[PlyCount "59"]
[EventDate "2023.11.19"]
[WhiteTeam "Desert Penguins"]
[BlackTeam "Barnet Knights C"]

1. d4 f5 2. c4 e6 3. g3 Nf6 4. Bg2 g6 5. Nh3 Bg7 6. O-O O-O 7. Nc3 d6 8. d5 e5
9. Ng5 h6 10. Ne6 Bxe6 11. dxe6 c6 12. Qb3 Qc7 13. Rd1 Re8 14. e4 Rxe6 15. c5
Qd7 16. Rxd6 Qc7 17. Rxe6 Kh8 18. Bxh6 Bxh6 19. Rxf6 Qg7 20. Rf7 Qg8 21. Rxb7
Qe8 22. Qf7 Qg8 23. Qxg8+ Kxg8 24. exf5 gxf5 25. Rd1 Na6 26. Bxc6 Nxc5 27. Rg7+
Bxg7 28. Bxa8 e4 29. Rd5 Nd3 30. Rxf5 1-0

[Event "4NCL Division Four"]
[Site "Telford, ENG"]
[Date "2023.11.19"]
[Round "2.55"]
[White "Lee, Xander"]
[Black "Quillaud, Maxime"]
[Result "0-1"]
[WhiteElo "1391"]
[BlackElo "1823"]
[PlyCount "64"]
[EventDate "2023.11.19"]
[WhiteTeam "Barnet Knights C"]
[BlackTeam "Desert Penguins"]

1. e4 c5 2. Nc3 d6 3. g3 Nc6 4. Bg2 g6 5. d3 Bg7 6. Be3 e6 7. Qd2 Nd4 8. Nf3
Ne7 9. O-O O-O 10. Rac1 d5 11. Bh6 dxe4 12. Bxg7 exf3 13. Bxf8 fxg2 14. Kxg2
Kxf8 15. Qh6+ Kg8 16. Ne4 Nef5 17. Qg5 Qxg5 18. Nxg5 b6 19. c3 Bb7+ 20. f3 Ne3+
21. Kf2 Nxf1 22. Rxf1 Nf5 23. f4 Rd8 24. Rd1 h5 25. a3 Kg7 26. Rd2 Nd6 27. Ke3
h4 28. Kf2 Nc4 29. Re2 Rxd3 30. gxh4 Rd2 31. b3 Rxe2+ 32. Kxe2 Nxa3 0-1

[Event "4NCL Division Four"]
[Site "Telford, ENG"]
[Date "2023.11.19"]
[Round "2.56"]
[White "Nikolov, Alexander"]
[Black "Sanfey, Peter"]
[Result "1-0"]
[WhiteElo "1354"]
[BlackElo "1409"]
[PlyCount "64"]
[EventDate "2023.11.19"]
[WhiteTeam "Desert Penguins"]
[BlackTeam "Barnet Knights C"]

1. d4 e6 2. c4 d5 3. Nc3 c5 4. Nf3 Nc6 5. cxd5 exd5 6. Bg5 Be7 7. Bxe7 Ngxe7 8.
e3 cxd4 9. Nxd4 O-O 10. Be2 a6 11. Bf3 Qa5 12. O-O Rd8 13. Nb3 Qc7 14. Nxd5
Nxd5 15. Bxd5 Ne7 16. Rc1 Qb8 17. Bxf7+ Kxf7 18. Qxd8 Qe5 19. Qd4 Qg5 20. Qf4+
Qxf4 21. exf4 Nd5 22. g3 b5 23. Rfd1 Nf6 24. Rc7+ Kg6 25. Rd8 Bb7 26. Rxa8 Bxa8
27. Ra7 Be4 28. Rxa6 Bd3 29. Rb6 Kf7 30. Nd4 Bc4 31. a3 g6 32. Nxb5 Nd5 1-0

[Event "4NCL Division Four"]
[Site "Telford, ENG"]
[Date "2023.11.19"]
[Round "2.61"]
[White "Eckert, Jonathan"]
[Black "Sarakauskas, Gediminas"]
[Result "0-1"]
[WhiteElo "1826"]
[BlackElo "2462"]
[PlyCount "52"]
[EventDate "2023.11.19"]
[WhiteTeam "CSC/Kingston 3"]
[BlackTeam "Lancaster"]

1. e4 c5 2. Nc3 e6 3. f4 d5 4. Nf3 dxe4 5. Nxe4 Be7 6. g3 Nf6 7. d3 b6 8. Bg2
Nxe4 9. dxe4 Qxd1+ 10. Kxd1 Bb7 11. Re1 Nd7 12. c3 O-O-O 13. Kc2 h6 14. h4 Rdg8
15. Bd2 g5 16. h5 gxf4 17. Bxf4 Nf6 18. Be5 Rh7 19. Nd2 Nxh5 20. Bf3 Rg5 21.
Bf4 Nxf4 22. gxf4 Rg3 23. Re3 h5 24. Rae1 h4 25. e5 Bxf3 26. Nxf3 Rh5 0-1

[Event "4NCL Division Four"]
[Site "Telford, ENG"]
[Date "2023.11.19"]
[Round "2.62"]
[White "Hymer, Barry"]
[Black "Moss, Stephen"]
[Result "1/2-1/2"]
[WhiteElo "1970"]
[BlackElo "1763"]
[PlyCount "119"]
[EventDate "2023.11.19"]
[WhiteTeam "Lancaster"]
[BlackTeam "CSC/Kingston 3"]

1. d4 d5 2. Nc3 Nf6 3. Bf4 c6 4. e3 Bf5 5. f3 e6 6. g4 Bg6 7. h4 h6 8. Bd3 Bxd3
9. Qxd3 Bd6 10. Nge2 Bxf4 11. Nxf4 Qb6 12. O-O-O Qa6 13. g5 Qxd3 14. cxd3 Nfd7
15. e4 Na6 16. Rdg1 hxg5 17. Rxg5 Rh7 18. h5 Ke7 19. Rhg1 Rg8 20. a3 Nc7 21. b4
f6 22. R5g2 Kf7 23. Rh1 e5 24. Nfe2 exd4 25. Nxd4 Ne5 26. Kd2 dxe4 27. fxe4 Rd8
28. Nce2 Ne6 29. Kc3 c5 30. bxc5 Nxc5 31. Rh3 Ncxd3 32. Rxd3 Nxd3 33. Kxd3 Rxh5
34. Nf4 Ra5 35. Rxg7+ Kxg7 36. Nfe6+ Kg6 37. Nxd8 Rxa3+ 38. Kc4 b6 39. N8c6 Ra1
40. Kd5 a5 41. Ke6 a4 42. Ne7+ Kg5 43. Nd5 a3 44. Nxf6 a2 45. Nd5 Re1 46. Nc2
Rxe4+ 47. Kd6 Rd4 48. Ke5 Rc4 49. Nde3 Ra4 50. Na1 b5 51. Kd5 Rb4 52. Kc5 Rb1
53. Nec2 Kf4 54. Kd4 Kf3 55. Kc3 Ke2 56. Nb3 Rxb3+ 57. Kxb3 Kd2 58. Kb2 Kd3 59.
Nb4+ Kc4 60. Nxa2 1/2-1/2

[Event "4NCL Division Four"]
[Site "Telford, ENG"]
[Date "2023.11.19"]
[Round "2.63"]
[White "Cresswell, Mike J"]
[Black "Seery, Philip T"]
[Result "0-1"]
[WhiteElo "1634"]
[BlackElo "1963"]
[PlyCount "94"]
[EventDate "2023.11.19"]
[WhiteTeam "CSC/Kingston 3"]
[BlackTeam "Lancaster"]

1. e4 c5 2. Nf3 Nc6 3. d4 cxd4 4. Nxd4 Nf6 5. Nc3 d6 6. Be2 e6 7. O-O Be7 8. h3
O-O 9. Be3 Qc7 10. Nf3 a6 11. a3 b5 12. Nh2 Bb7 13. f4 Na5 14. Bf3 Nc4 15. Bc1
Rfd8 16. Qe2 Rac8 17. Kh1 Qc5 18. Ng4 Nxg4 19. Bxg4 Bf6 20. f5 Bxc3 21. bxc3
exf5 22. Bxf5 Rc7 23. Qh5 g6 24. Qh6 Qe5 25. Bg5 Re8 26. Bd7 Qxe4 27. Rf2 f5
28. Bxe8 Qxe8 29. Raf1 Be4 30. Bf4 Ne5 31. Rd1 d5 32. Bd2 Bxc2 33. Re1 Be4 34.
Qe3 Qc6 35. Ref1 Nc4 36. Qg5 Nxd2 37. Qd8+ Kg7 38. Rxd2 Qxc3 39. Rfd1 Qxh3+ 40.
Kg1 Qe3+ 41. Kh1 Qg3 42. Qb8 Rc3 43. Qa7+ Qc7 44. Qxa6 Rh3+ 45. Kg1 Qh2+ 46.
Kf1 Qh1+ 47. Ke2 Qxg2+ 0-1

[Event "4NCL Division Four"]
[Site "Telford, ENG"]
[Date "2023.11.19"]
[Round "2.64"]
[White "McMenamin, Danny"]
[Black "Grey, Nicholas D"]
[Result "1/2-1/2"]
[WhiteElo "1881"]
[BlackElo "1701"]
[PlyCount "78"]
[EventDate "2023.11.19"]
[WhiteTeam "Lancaster"]
[BlackTeam "CSC/Kingston 3"]

1. e4 c5 2. Nc3 g6 3. f4 Nc6 4. Nf3 Bg7 5. Bc4 Nd4 6. O-O d6 7. d3 e6 8. Bb3
Ne7 9. Qe1 Nec6 10. Ne2 Nxb3 11. axb3 O-O 12. Ng3 Nd4 13. Nxd4 Bxd4+ 14. Kh1
Bg7 15. f5 exf5 16. exf5 Re8 17. Qf2 Bd4 18. Qf3 Qe7 19. c3 Be5 20. Bd2 Qf8 21.
Rae1 Bd7 22. Qxb7 Bxg3 23. Rxe8 Qxe8 24. fxg6 hxg6 25. hxg3 Bc6 26. Qc7 Qd7 27.
Qxd7 Bxd7 28. Bf4 d5 29. Bd6 Rc8 30. Ra1 Rc6 31. Be5 a6 32. Kg1 f6 33. Bb8 Bf5
34. Rd1 Re6 35. Ba7 Bg4 36. Rf1 Rc6 37. d4 cxd4 38. Bxd4 Kf7 39. Re1 Re6
1/2-1/2

[Event "4NCL Division Four"]
[Site "Telford, ENG"]
[Date "2023.11.19"]
[Round "2.65"]
[White "Denning, Julie L"]
[Black "Donegan, Harry"]
[Result "1/2-1/2"]
[WhiteElo "1606"]
[BlackElo "1753"]
[PlyCount "57"]
[EventDate "2023.11.19"]
[WhiteTeam "CSC/Kingston 3"]
[BlackTeam "Lancaster"]

1. b3 e5 2. Bb2 Nc6 3. e3 d5 4. Bb5 Bd6 5. Nf3 Qe7 6. c4 dxc4 7. bxc4 f6 8.
Bxc6+ bxc6 9. O-O Bg4 10. d3 Nh6 11. e4 O-O 12. Nbd2 Rfd8 13. d4 exd4 14. Bxd4
Bb4 15. Be3 Bxd2 16. Bxd2 Bxf3 17. gxf3 Nf7 18. Qc2 Ne5 19. Kg2 Qf7 20. Bf4
Qg6+ 21. Bg3 h5 22. h4 Rd7 23. Rad1 Re7 24. Rd2 Qf7 25. c5 g5 26. Qb3 Qxb3 27.
axb3 gxh4 28. Bxe5 fxe5 29. Rh1 1/2-1/2

[Event "4NCL Division Four"]
[Site "Telford, ENG"]
[Date "2023.11.19"]
[Round "2.66"]
[White "Chicrala, Andre"]
[Black "Sloan, Hamish"]
[Result "0-1"]
[WhiteElo "1500"]
[BlackElo "1516"]
[PlyCount "86"]
[EventDate "2023.11.19"]
[WhiteTeam "Lancaster"]
[BlackTeam "CSC/Kingston 3"]

1. d4 Nf6 2. Nf3 g6 3. c4 c5 4. d5 b5 5. b3 bxc4 6. bxc4 Bg7 7. Bb2 Qb6 8. Qb3
O-O 9. Nbd2 Na6 10. e4 Qxb3 11. axb3 Nb4 12. Rc1 d6 13. Be2 a5 14. O-O Bd7 15.
e5 Nh5 16. Ba1 Nf4 17. Bd1 Nfd3 18. e6 Nxc1 19. Bxg7 Kxg7 20. exd7 Rfd8 21. Ne4
Rxd7 22. Nc3 Ncd3 23. Nb5 Rb7 24. Ne1 Nb2 25. Be2 a4 26. bxa4 Nxa4 27. Nd3 Nxd3
28. Bxd3 Nb6 29. g3 Ra4 30. Rc1 Rb8 31. Be2 Rba8 32. Kg2 Ra1 33. Rc3 R8a2 34.
Bf1 Rb2 35. h4 Raa2 36. Rf3 Rc2 37. Rf4 Ra4 38. Kf3 Nxc4 39. Bxc4 Rcxc4 40.
Rxc4 Rxc4 41. Ke3 Kf6 42. f4 Kf5 43. Kf3 Rb4 0-1

[Event "4NCL Division Four"]
[Site "Telford, ENG"]
[Date "2023.11.19"]
[Round "2.71"]
[White "Nelson, Omowale"]
[Black "Westrap, Christian F"]
[Result "1/2-1/2"]
[WhiteElo "1959"]
[BlackElo "2033"]
[PlyCount "59"]
[EventDate "2023.11.19"]
[WhiteTeam "Watford A"]
[BlackTeam "Wessex B"]

1. d4 d5 2. c4 c6 3. Nf3 Nf6 4. g3 dxc4 5. Bg2 Nbd7 6. O-O b5 7. a4 Bb7 8. b3
cxb3 9. Qxb3 a6 10. Bf4 e6 11. Nbd2 Be7 12. Nc4 O-O 13. Nfe5 Nxe5 14. Nxe5 Nd5
15. Bd2 Bd6 16. Nd3 Re8 17. e4 Nb6 18. Ba5 Bc7 19. Nc5 Rb8 20. Qb4 Nxa4 21.
Bxc7 Qxc7 22. Nxa4 bxa4 23. Rfc1 c5 24. Rxc5 Ba8 25. Qxa4 Qb6 26. h4 Red8 27.
Qc4 Bb7 28. Kh2 h6 29. Qc3 Rbc8 30. Raa5 1/2-1/2

[Event "4NCL Division Four"]
[Site "Telford, ENG"]
[Date "2023.11.19"]
[Round "2.72"]
[White "Pleasants, Allan J"]
[Black "Rubeck, Jonathan"]
[Result "1-0"]
[WhiteElo "1987"]
[BlackElo "1974"]
[PlyCount "113"]
[EventDate "2023.11.19"]
[WhiteTeam "Wessex B"]
[BlackTeam "Watford A"]

1. Nf3 e6 2. c4 Nf6 3. Nc3 d5 4. e3 c5 5. d4 Nc6 6. a3 a5 7. Bd3 cxd4 8. exd4
dxc4 9. Bxc4 Bd6 10. Nb5 Bb8 11. O-O O-O 12. Bg5 Ne7 13. Re1 Ng6 14. Ne5 Nxe5
15. dxe5 Qxd1 16. Raxd1 Nd7 17. Be7 Re8 18. Bd6 Nb6 19. Ba2 Bd7 20. Nc7 Bxc7
21. Bxc7 Nd5 22. Bxd5 exd5 23. Rxd5 Be6 24. Rxa5 Rxa5 25. Bxa5 Rc8 26. Bc3 b5
27. Rd1 g6 28. f3 h5 29. h4 Kh7 30. Kf2 Rc4 31. g3 Kh6 32. Bd2+ Kg7 33. Bc3 Rc8
34. Rd6 Rc5 35. Rd8 Kh7 36. Ke3 Rc4 37. Rb8 Rc5 38. Bd4 Rd5 39. Rb6 Kg8 40. Rc6
Rd8 41. Rc1 Rb8 42. Bc5 Rc8 43. Kd4 Kh7 44. Rc3 Rd8+ 45. Bd6 Bc4 46. a4 Ra8 47.
b3 Bf1 48. Rc1 Bg2 49. axb5 Bxf3 50. Rf1 Be2 51. Rxf7+ Kg8 52. Rb7 Ra5 53. Kc5
Ra3 54. Kb4 Ra1 55. e6 Bg4 56. Rb8+ Kg7 57. Be5+ 1-0

[Event "4NCL Division Four"]
[Site "Telford, ENG"]
[Date "2023.11.19"]
[Round "2.73"]
[White "Lancaster, Roger"]
[Black "Adaway, William"]
[Result "1/2-1/2"]
[WhiteElo "1949"]
[BlackElo "2001"]
[PlyCount "86"]
[EventDate "2023.11.19"]
[WhiteTeam "Watford A"]
[BlackTeam "Wessex B"]

1. c4 e5 2. Nc3 Nf6 3. g3 c6 4. d4 d6 5. dxe5 dxe5 6. Qxd8+ Kxd8 7. Nf3 Bd6 8.
c5 Bxc5 9. Nxe5 Ke7 10. Bg2 Re8 11. Bg5 Kf8 12. Bxf6 gxf6 13. Nd3 Bd4 14. Nf4
Bf5 15. Rd1 Be5 16. O-O Na6 17. e4 Bxc3 18. exf5 Be5 19. Nd3 Rad8 20. Bf3 Rd5
21. g4 Red8 22. Nxe5 fxe5 23. g5 Rxd1 24. Rxd1 Rxd1+ 25. Bxd1 Nb4 26. f6 Nxa2
27. Kg2 Nb4 28. Kf3 Nd3 29. b3 Nc5 30. Bc2 e4+ 31. Ke3 a5 32. h4 h6 33. Bxe4
Nxe4 34. Kxe4 hxg5 35. hxg5 b5 36. Kd4 Ke8 37. f4 Kd7 38. f5 Kd6 39. g6 fxg6
40. f7 c5+ 41. Kc3 Ke7 42. fxg6 Kf8 43. Kb2 Ke7 1/2-1/2

[Event "4NCL Division Four"]
[Site "Telford, ENG"]
[Date "2023.11.19"]
[Round "2.74"]
[White "MacNeil, Elliott"]
[Black "Dairi, Ramsey"]
[Result "1-0"]
[WhiteElo "1918"]
[BlackElo "1797"]
[PlyCount "91"]
[EventDate "2023.11.19"]
[WhiteTeam "Wessex B"]
[BlackTeam "Watford A"]

1. d4 f5 2. e4 fxe4 3. Nc3 Nf6 4. Bg5 Nc6 5. d5 Ne5 6. Qe2 Nf7 7. Bxf6 exf6 8.
Nxe4 Be7 9. d6 Nxd6 10. Nxd6+ cxd6 11. O-O-O O-O 12. Nh3 f5 13. Nf4 Bg5 14.
Qc4+ Kh8 15. h4 d5 16. Rxd5 Bxf4+ 17. Qxf4 b6 18. Bb5 a6 19. Bc6 Ra7 20. Qb8
Rc7 21. Ba4 b5 22. Bb3 d6 23. Rhd1 Qe7 24. Rxd6 Rd7 25. Rxd7 Bxd7 26. Qd6 Qxd6
27. Rxd6 Bc8 28. h5 Bb7 29. f3 h6 30. Rb6 Bc8 31. Rb8 Re8 32. Bf7 Rf8 33. Be6
Bxe6 34. Rxf8+ Kh7 35. Ra8 Bf7 36. Rxa6 Bxh5 37. Re6 g5 38. Re5 Bg6 39. Rxb5 h5
40. a4 g4 41. fxg4 fxg4 42. g3 Be8 43. Re5 Bxa4 44. Rxh5+ Kg6 45. Ra5 Bd7 46.
b4 1-0

[Event "4NCL Division Four"]
[Site "Telford, ENG"]
[Date "2023.11.19"]
[Round "2.75"]
[White "Dairi, Mahmoud"]
[Black "Syed, Ashraf"]
[Result "0-1"]
[WhiteElo "1291"]
[BlackElo "1649"]
[PlyCount "122"]
[EventDate "2023.11.19"]
[WhiteTeam "Watford A"]
[BlackTeam "Wessex B"]

1. e4 d6 2. Nf3 Bg4 3. h3 Bh5 4. Be2 Nf6 5. Nc3 e5 6. d4 Nbd7 7. dxe5 dxe5 8.
Nd2 Bxe2 9. Qxe2 Be7 10. Nf3 h6 11. O-O O-O 12. b3 Re8 13. Rd1 Bf8 14. Bb2 Qe7
15. Nd5 Nxd5 16. exd5 Rad8 17. c4 g6 18. Re1 Bg7 19. Qc2 f5 20. Rab1 Qf7 21.
Re2 e4 22. Nd2 Ne5 23. Bxe5 Bxe5 24. f3 Bd4+ 25. Kh1 e3 26. Nf1 f4 27. Rd1 Bc5
28. g3 Bd6 29. g4 Kg7 30. Kg2 Qe7 31. Qd3 Qg5 32. Rde1 h5 33. Nxe3 fxe3 34.
Rxe3 Rxe3 35. Rxe3 Qf4 36. Qc3+ Kh7 37. Qe1 Qh2+ 38. Kf1 Qxh3+ 39. Ke2 Bc5 40.
Re4 Qg2+ 41. Kd3 Qxf3+ 42. Kc2 Qf2+ 43. Qxf2 Bxf2 44. gxh5 Rd7 45. hxg6+ Kxg6
46. Kd3 Bc5 47. Kc3 Kf5 48. Re2 a5 49. Kd3 c6 50. Kc2 cxd5 51. Rd2 Ke4 52. Re2+
Kd4 53. cxd5 Rxd5 54. Rd2+ Ke4 55. Rxd5 Kxd5 56. Kc3 b5 57. a4 b4+ 58. Kd3 Bd4
59. Kc2 Ke4 60. Kb1 Kd3 61. Ka2 Kc3 0-1

[Event "4NCL Division Four"]
[Site "Telford, ENG"]
[Date "2023.11.19"]
[Round "2.76"]
[White "Wright, George A"]
[Black "Dairi, Daniella"]
[Result "1-0"]
[WhiteElo "1370"]
[BlackElo "790"]
[PlyCount "57"]
[EventDate "2023.11.19"]
[WhiteTeam "Wessex B"]
[BlackTeam "Watford A"]

1. b3 e5 2. Bb2 d6 3. e3 Bd7 4. c4 Nc6 5. Nc3 Nf6 6. Be2 g6 7. d3 Bh6 8. Nf3
Qe7 9. Bc1 O-O-O 10. e4 Bxc1 11. Rxc1 Bg4 12. h3 Bxf3 13. Bxf3 Nd4 14. Nb5 Nxb5
15. cxb5 c5 16. bxc6 bxc6 17. Rxc6+ Kb7 18. Rc2 Rc8 19. O-O Rxc2 20. Qxc2 Rc8
21. Qd2 Qe6 22. Qb4+ Ka8 23. d4 Rc2 24. d5 Qc8 25. Qxd6 Nd7 26. Bg4 Rc7 27.
Bxd7 Rxd7 28. Qxe5 Qa6 29. Qe8+ 1-0

[Event "4NCL Division Four"]
[Site "Telford, ENG"]
[Date "2023.11.19"]
[Round "2.81"]
[White "Chapman, Timothy J"]
[Black "Gibbs, Dominic V"]
[Result "0-1"]
[WhiteElo "1732"]
[BlackElo "1918"]
[PlyCount "126"]
[EventDate "2023.11.19"]
[WhiteTeam "Crowthorne B"]
[BlackTeam "Iceni 2"]

1. d4 e6 2. e4 d5 3. Nd2 dxe4 4. Nxe4 Nd7 5. Nf3 Ngf6 6. Nxf6+ Nxf6 7. c3 c5 8.
Ne5 a6 9. Qa4+ Bd7 10. Nxd7 Qxd7 11. Qxd7+ Kxd7 12. dxc5 Bxc5 13. Be2 Bd6 14.
Bf3 Rab8 15. Be3 Nd5 16. Bxd5 exd5 17. O-O-O Kc6 18. Bd4 f6 19. g3 Rhe8 20.
Rhe1 b5 21. Rxe8 Rxe8 22. Kd2 b4 23. Re1 Rxe1 24. Kxe1 Kb5 25. b3 a5 26. Kd2
bxc3+ 27. Kxc3 Bb4+ 28. Kb2 Be1 29. g4 g6 30. f3 f5 31. a3 a4 32. Kc2 Ba5 33.
b4 Bc7 34. h4 Kc4 35. Bc5 fxg4 36. fxg4 h5 37. gxh5 gxh5 38. Be7 Be5 39. Bg5 d4
40. Bc1 d3+ 41. Kd1 Bg3 42. Bg5 Bf2 43. Bd8 Be3 44. Bg5 Bd4 45. Bc1 Be5 46. Be3
Bd6 47. Bc1 Bc7 48. Be3 Bd8 49. Bg5 Bb6 50. Be7 Kd4 51. Kd2 Ke4 52. Bc5 Bd8 53.
Bf2 Be7 54. Bg3 Bf8 55. Bc7 Bh6+ 56. Kd1 Be3 57. Bd8 Bf4 58. Bg5 Bxg5 59. hxg5
h4 60. g6 h3 61. g7 h2 62. g8=Q h1=Q+ 63. Kd2 Qh2+ 0-1